| 000 | 01269nam a22003497a 4500 | ||
|---|---|---|---|
| 003 | CHAP | ||
| 005 | 20220817042727.0 | ||
| 008 | 971013s1985 mx r 00010 spa d | ||
| 010 | _a53620 | ||
| 011 | _a54592 | ||
| 035 | _a58743 | ||
| 040 | _cCHAP | ||
| 082 | 0 | 4 |
_a526.982 _bR8 |
| 100 | 0 | 0 |
_aRuiz Altamirano, Miguel. _9100604 |
| 245 | 1 | _aBibliografía temática sobre fotografías aéreas e imágenes remotas de aplicación al subsector forestal | |
| 260 |
_aMéxico, D. F. : _bInstituto Nacional de Investigaciones Forestales, _c1985 |
||
| 300 | _a151 p. | ||
| 490 |
_aBoletín de divulgación _v; 77 |
||
| 590 |
_aBATCH-UPD _b10 _c20130110 _lUCH01 _h0121 |
||
| 590 |
_aBATCH-UPD _b10 _c20130110 _lUCH01 _h0719 |
||
| 590 |
_aBATCH-UPD _b10 _c20130409 _lUCH01 _h2115 |
||
| 590 |
_aBATCH-UPD _b10 _c20130410 _lUCH01 _h0848 |
||
| 590 |
_aBATCH-UPD _b10 _c20130914 _lUCH01 _h0652 |
||
| 590 |
_aCONVERSION _b10 _c20130109 _lUCH01 _h1329 |
||
| 650 | 1 | 4 |
_aFotografía aérea _xBibliografía. _942715 |
| 650 | 1 | 4 |
_aSensores remotos _xBibliografía. _9104428 |
| 830 | 0 |
_aBoletín de divulgación _v; 77 |
|
| 901 | _aBK | ||
| 942 | _cLIBRO | ||
| 949 |
_a526.982 R8 _bBC _cC _d33724000493110 _eC _fc.2 _h71979 _i58743 _si |
||
| 949 |
_a526.982 R8 _bBC _cC _d33724000493128 _eC _h71978 _i58743 _si |
||
| 999 |
_c53620 _d53620 |
||